000 00692nam a2200217 4500
001 78716
003 BD-RjUL
005 20211209083151.0
008 211108s1960 le ||||| |||| 00| 0 ara d
035 _a(BD-RjUL)78942
040 _aBD-RjUL
_beng
_cBD-RjUL
041 _aara
082 _223
_a297.61
_bHUN 1960
100 1 _aHussein, Taha ;; حسين, طه
_9249677
245 1 0 _aنقد اصلاح ;; naqd asilah /
_cطه حسين ;; Taha Hussien
250 _a2nd.ed. ;; ,الطبعة الثنية
260 _aبيروت ;; Beirut :
_bدار العلم للملايين ;; dar al ilm lilmalayin,
_c1960
300 _a680 p. ;
_c20 cm.
650 _aImamat
_9249678
942 _2ddc
_cBK
999 _c78716
_d78716